Nikdy nie je neskoro

Bibliographic Details
Main Authors: Valo, Peter (ain), Žigalová, Marietta, 1968- (Author, uin)
Format: Article
Language:Slovak
PhysicalDescription:Fotogr.
ISSN:0231-6676
Subjects:

MARC

LEADER 00000nab a2200000 a 4500
001 vtls000784821
003 SK-MaSNL
005 20260302154949.0
008 160322c2002 xo 0 slo
015 |a SNBRB2002/02-07115 
035 |a CLN000136492 
040 |a SNKBUCL  |b slo  |c SNKBUCL  |e AACR2 
041 0 |a slo 
044 |a xo  |c SK 
080 |a 796.420.071  |2 UDC-MRF-SK2 
100 1 |a Valo, Peter  |4 ain  |9 320277 
245 1 0 |a Nikdy nie je neskoro  |c Peter Valo 
300 |b Fotogr. 
600 1 7 |a Žigalová, Marietta,  |d 1968-  |2 snkbucl  |9 14376 
655 7 |a články z novín a časopisov  |2 snkbucl  |9 267496 
700 1 |a Žigalová, Marietta,  |d 1968-  |4 aut  |4 uin  |9 14376 
773 0 |x 0231-6676  |t Slovenka  |g Roč. 55, č. 8 (2002), s. 18-19 
850 |a Slovenská národná knižnica v Martine 
852 |a SNK  |b KIS3GCP 
958 |a SK 
958 |a BX 
958 |a RBX 
999 |c 1369934  |d 1371864